000 00631cam a22002293a 4500
001 6993
003 PGUSA
005 20140828083139.0
008 041101s2004||||xxu|||||s|||||000 1 eng d
040 _aPGUSA
_beng
042 _adc
050 4 _aPR
100 1 _aShiel, M. P.
_q(Matthew Phipps),
_d1865-1947
245 1 4 _aThe Lord of the Sea
_h[electronic resource] /
_cM. P. Shiel
260 _bProject Gutenberg,
_c2004
506 _aPublic domain in the USA.
516 _aElectronic text
653 _aScience fiction
830 0 _aProject Gutenberg
_v6993
856 4 0 _uhttp://www.gutenberg.org/ebooks/6993
942 _cEB
999 _c236313
_d236313